000 00656nam a22001935i 4500
001 48741
003 ES-MaACL
005 20230906161817.0
007 t|
008 950728s1858 fr ||||1| fre d
080 _a821.111-31"18"
100 1 _aDickens, Charles.
_944489
245 1 0 _aBarnabé Rudge /
_cpar Ch. Dickens ; roman anglais traduit [par Bonnomet] avec l'autorisation de l'auteur sous la direction de P. Lorain.
260 _aParis :
_bL. Hachette et Cie,
_c1858 (
_fCh. Lahure et Cie)
300 _a1 v. (391, 386 p.) ;
_c18 cm.
700 1 _aBonnomet.
_9149755
700 1 _aLorain, Paul (
_d1799-1861)
_974061
852 4 _aES-MaACL
_jF-11042
999 _c48741
_d48741